A Big chair for little bear. / (Record no. 104234)
[ view plain ]
| 000 -LEADER | |
|---|---|
| fixed length control field | 00688nam a2200193 a 4500 |
| 005 - DATE AND TIME OF LATEST TRANSACTION | |
| control field | 20140412111316.0 |
| 008 - FIXED-LENGTH DATA ELEMENTS--GENERAL INFORMATION | |
| fixed length control field | 001214s19uu xx 00 eng d |
| 020 ## - INTERNATIONAL STANDARD BOOK NUMBER | |
| International Standard Book Number | 0-679-80500-1 |
| 050 ## - LIBRARY OF CONGRESS CALL NUMBER | |
| Classification number | ER |
| Item number | Bi592 1990 |
| 100 ## - MAIN ENTRY--PERSONAL NAME | |
| Personal name | Schumacher, Claire |
| 245 ## - TITLE STATEMENT | |
| Title | A Big chair for little bear. / |
| Statement of responsibility, etc | by Claire Schumacher. |
| 260 ## - PUBLICATION, DISTRIBUTION, ETC. (IMPRINT) | |
| Place of publication, distribution, etc | New York : |
| Name of publisher, distributor, etc | Random House, |
| Date of publication, distribution, etc | 1990. |
| 300 ## - PHYSICAL DESCRIPTION | |
| Extent | 1 v. (unp.) ; ill. |
| 440 ## - SERIES STATEMENT/ADDED ENTRY--TITLE | |
| Title | A Random House Pictureback) |
| 520 ## - SUMMARY, ETC. | |
| Summary, etc | Little Bear, tired of always having the little chair, the little bowl, and the little bed, insists on trying out the big items his father usually uses. |
| 650 ## - SUBJECT ADDED ENTRY--TOPICAL TERM | |
| Topical term or geographic name as entry element | Bears -- Fiction |
| 650 ## - SUBJECT ADDED ENTRY--TOPICAL TERM | |
| Topical term or geographic name as entry element | Size -- Fiction |
| Withdrawn status | Lost status | Damaged status | Use restrictions | Home library | Current library | Shelving location | Date acquired | Source of acquisition | Total Checkouts | Full call number | Barcode | Date last seen | Price effective from | Koha item type |
|---|---|---|---|---|---|---|---|---|---|---|---|---|---|---|
| Elizalde Library | Elizalde Library | Easy Reading Section | 12/14/2000 | ER Bi592 1990 | E7078 | 04/12/2014 | 04/12/2014 | Books |